|
|
|
|
| LEADER |
00576 a2200169 4500 |
| 008 |
190727b ||||| |||| 00| 0 eng d |
| 999 |
|
|
|c 337694
|d 337694
|
| 020 |
|
|
|a 9780241975237
|
| 082 |
|
|
|a 813.54G8 HOM
|
| 100 |
|
|
|a Gyasi, Yaa
|
| 245 |
|
|
|a Home going /
|c Yaa Gyasi
|
| 260 |
|
|
|b Penguin Random House,
|c 2017
|a London :
|
| 300 |
|
|
|a 300p. ;
|c 20cm.
|
| 650 |
|
|
|a American fiction
|
| 650 |
|
|
|a African Americans
|
| 942 |
|
|
|2 ddc
|c BK
|
| 952 |
|
|
|0 0
|1 0
|2 ddc
|4 0
|6 813_000000000000000_54G8_HOM
|7 0
|9 387407
|a UL
|b UL
|c ST1
|d 2019-07-25
|g 364.27
|l 3
|o 813.54G8 HOM
|p 99701
|r 2021-08-10
|s 2021-04-15
|v 499.00
|y BK
|